Laurence Harvey Filmography - Statistics

General Stats
  • This quiz has been taken 3 times
    2 since last reset
  • The average score is 8 of 112
Answer Stats
Type Year Name % Correct
Film 1965 Life at the Top
100%
Film 1964 Of Human Bondage
100%
Film 1959 Room at the Top
100%
Film 1960 The Alamo
100%
Film 1962 The Manchurian Candidate
100%
TV Show 1960 What's My Line?
100%
TV Show 1950, 1953 BBC Sunday-Night Theatre
50%
TV Show 1956 ITV Television Playhouse
50%
Theater 1954 Romeo and Juliet
50%
Film 1954 Romeo and Juliet
50%
Film 1968 A Dandy in Aspic
0%
Film 1957 After the Ball
0%
Film 1962 A Girl Named Tamiko
0%
Film 1952 A Killer Walks
0%
TV Show 1959 Alfred Hitchcock Presents
0%
Theater 1970 Arms and the Man
0%
Theater 1951-1952 As You Like It
0%
Film 1960 BUtterfield 8
0%
Film 1950 Cairo Road
0%
Theater 1964-1965 Camelot
0%
TV Show 1971 Celebrity Bowling
0%
Theater 1971 Child's Play
0%
TV Show 1973 Columbo
0%
Theater 1952 Coriolanus
0%
Film 1965 Darling
0%
TV Film 1967 Dial M for Murder
0%
Film 1972 Escape to the Sun
0%
Film 1959 Expresso Bongo
0%
Film 1973 F for Fake
0%
Theater 1940s, 1951 Hassan
0%
Film 1969 He and She
0%
Theater 1958-1959 Henry V
0%
TV Show 1960 Here's Hollywood
0%
TV Special 1957 Holiday Night Reunion
0%
TV Show 1966 Hollywood Talent Scouts
0%
Film 1948 House of Darkness
0%
Film 1955 I Am a Camera
0%
Film 1952 I Believe in You
0%
Film 1953 Innocents in Paris
0%
Theater 1955 Island of Goats
0%
TV Show 1955, 1959 ITV Play of the Week
0%
TV Show 1971 ITV Saturday Night Theatre
0%
TV Show 1969 Joker's Wild
0%
TV Show 1964 Juke Box Jury
0%
Film 1954 King Richard and the Crusaders
0%
Film 1949 Landfall
0%
TV Show 1966 Late Night Line-Up
0%
Theater 1952-1953 Macbeth
0%
Film 1949 Man on the Run
0%
TV Special 1969 Marvelous Party!
0%
TV Show 1972 Night Gallery
0%
Film 1973 Night Watch
0%
TV Show 1964 Password
0%
TV Special 1959 Pontiac Star Parade
0%
Documentary 1959 Power Among Men
0%
Film 1969 Rebus
0%
TV Show 1969 Rowan & Martin's Laugh-In
0%
Film 1951 Scarlet Thread
0%
Film 1950 Seven Days to Noon
0%
Stage Director 1958 Simply Heavenly
0%
Film 1955 Storm Over the Nile
0%
Film 1961 Summer and Smoke
0%
Film 1970 Tchaikovsky
0%
Theater 1970 The Alchemist
0%
TV Show 1955 The Alcoa Hour
0%
Film 1950 The Black Rose
0%
Film 1963 The Ceremony
0%
Film 1968 The Charge of the Light Brigade
0%
Theater 1956-1958 The Country Wife
0%
Film 1950 The Dancing Years
0%
TV Show 1965 The Danny Kaye Show
0%
TV Show 1970 The David Frost Show
0%
Unfinished Film 1970 The Deep
0%
TV Show 1971 The Dick Cavett Show
0%
TV Show 1961 The Dinah Shore Chevy Show
0%
Film 1965 The Doctor and the Devil
0%
TV Show 1964, 1966 The Eamonn Andrews Show
0%
TV Show 1964 The Ed Sullivan Show
0%
TV Film 1962 The Flood
0%
Film 1954 The Good Die Young
0%
TV Show 1967 The Jerry Lewis Show
0%
TV Show 1968 The Joey Bishop Show
0%
Film 1968 The Last Roman
0%
Film 1961 The Long and the Short and the Tall
0%
Film 1969 The Magic Christian
0%
Film 1949 The Man from Yesterday
0%
TV Show 1967 The Merv Griffin Show
0%
TV Show 1973 The Mike Douglas Show
0%
TV Show 1962 The Milton Berle Show
0%
TV Special 1962 The Milton Berle Spectacular
0%
TV Show 1963 The New Steve Allen Show
0%
Film 1964 The Outrage
0%
Film 1951 There Is Another Sun
0%
Theater 1956 The Rivals
0%
Film 1963 The Running Man
0%
Film 1958 The Silent Enemy
0%
Film 1966 The Spy with a Cold Nose
0%
TV Show 1971, 1973 The Tonight Show Starring Johnny Carson
0%
Film 1957 The Truth About Women
0%
Theater 1966 The Winter's Tale
0%
TV Film 1967 The Winter's Tale
0%
Film 1962 The Wonderful World of the Brothers Grimm
0%
Film 1956 Three Men in a Boat
0%
Theater 1954 Troilus and Cressida
0%
Film 1961 Two Loves
0%
Theater 1947 Uprooted
0%
Theater 1952 Volpone
0%
Film 1962 Walk on the Wild Side
0%
Film 1974 Welcome to Arrow Beach
0%
Film 1952 Women of Twilight
0%
Film 1970 WUSA
0%
Film 1974 Yellow-Headed Summer
0%
No matching quizzes found
Score Distribution
Percent of People with Each Score
Percentile by Number Answered
Your Score History
You have not taken this quiz since the last reset